000 00569cab a2200217 4500
001 WB3420-47
008 090401t1998 xxu||||| |||| 00| 0 eng d
035 _a(Sirsi) u86439
041 _aeng
245 _aCapital gains aid
260 _c1998
350 _a0
490 _aDaily Telegraph
_v23 May 1998, B6(1)
520 _aA twelve step guide to aid capital gains tax, CGT liabilities calculations. Table.
650 _aCALCULATION
650 _aCAPITAL GAINS TAX
650 _aTAX LIABILITIES
690 _aTAXATION
942 _n0
948 _c28/05/1998
999 _c54405
_d54405